000 00728nam a22002177a 4500
005 2011092700130.0
010 _aG-001487
020 _c300.00
_a8187925272
035 1 d _aG-001487
037 _bGift
082 _a610
100 _aShukla, Anurag
_934939
245 _aCROSS (Comprehensive Review Of Small Subjects) /
_cby Anurag Shukla
250 _a2nd ed.
260 _aNew Delhi
_bAditya Medical Publishers
_c2003
270 _a2/7, Ansari Road, Daryaganj
_bNew Delhi
_e110002
300 _aVarious pagings
_c24cm(pbk)
942 _2ddc
_cEN
_h610
_mSHU
999 _c57070
_d57070